Catálogo
 En Linea

Historia general del arte / (Registro nro. 37230)

Detalles MARC
000 -CABECERA
campo de control de longitud fija 00592nam a2200193 a 4500
001 - NÚMERO DE CONTROL
campo de control 000037740
005 - FECHA Y HORA DE LA ÚLTIMA TRANSACCIÓN
campo de control 20201002031116.0
008 - DATOS DE LONGITUD FIJA--INFORMACIÓN GENERAL
campo de control de longitud fija 130305s1986 sp a 000 0 spa d
020 ## - NÚMERO INTERNACIONAL ESTÁNDAR DEL LIBRO
Número Internacional Estándar del Libro 842067999X
040 ## - FUENTE DE LA CATALOGACIÓN
Centro catalogador/agencia de origen DO-SdBNP
Lengua de catalogación spa
Centro/agencia transcriptor BNPHU
100 1# - ENTRADA PRINCIPAL--NOMBRE DE PERSONA
Nombre de persona Janson, H. W.
9 (RLIN) 64203
240 10 - TÍTULO UNIFORME
Título uniforme History of art. third editión
Lenguaje de la obra Inglés
245 10 - MENCIÓN DE TÍTULO
Título Historia general del arte /
Mención de responsabilidad, etc. H. W Janson.
250 ## - MENCIÓN DE EDICIÓN
Mención de edición Ed. rev. y ampliada
260 ## - PUBLICACIÓN, DISTRIBUCIÓN, ETC.
Lugar de publicación, distribución, etc. Madrid :
Nombre del editor, distribuidor, etc. Alianza Editorial,
Fecha de publicación, distribución, etc. 1986.
300 ## - DESCRIPCIÓN FÍSICA
Extensión 1315 p. :
Otras características físicas ils. ;
Dimensiones 24 cm.
500 ## - NOTA GENERAL
Nota general Traducido del idioma inglés
500 ## - NOTA GENERAL
Nota general Incluye índice analítico
Existencias
Estado de retiro Estado de pérdida Restricciones de uso No para préstamo Código de colección Localización permanente Ubicación/localización actual Ubicación en estantería Fecha de adquisición Número de inventario Total de préstamos Signatura topográfica completa Código de barras Fecha visto por última vez Precio válido a partir de Tipo de ítem Koha
        Monografías: Libros y Folletos General General En catalogación 05.03.2013 LF1   37740-10 25.06.2020 25.06.2020 Préstamo en sala

Con tecnología Koha